Statistiques concernant Top 50 de l'Année 1993

Cliquez ici pour prendre le quiz!

Statistiques générales

  • Ce quiz a été pris 14 fois
  • Le résultat moyen est 10 sur 50

Statistiques - réponses

ArtistesChansons% Correct
1WHITNEY HOUSTONI will always love you
79%
2ACE OF BASEAll that she wants
64%
4HADDAWAYWhat is love
57%
49LES INNOCENTSL'autre Finistère
43%
184 NON BLONDESWhat's up
43%
3CHARLES & EDDIEWould I lie to you?
43%
24ALAIN SOUCHONFoule sentimentale
36%
8CULTURE BEATMr. vain
36%
132 UNLIMITEDNo limit
36%
23SPIN DOCTORSTwo princes
36%
11R.E.M.Everybody hurts
29%
10FREDDIE MERCURYLiving on my own [no more brothers radio mix]
29%
5PETER KINGSBERYOnly the very best
29%
9DURAN DURANOrdinary world
29%
14GEORGE MICHAEL & QUEENSomebody to love
29%
16LENNY KRAVITZAre you gonna go my way?
21%
32PAUL McCARTNEYHope of deliverance
21%
20DEPECHE MODEI feel you
21%
6IGGY POPIn the deathcar
21%
45BRYAN ADAMSPlease forgive me
21%
7MICHAEL JACKSONGive in to me
14%
46CULTURE BEATGot to get it
14%
12UB40(I can't help) falling in love with you
14%
29HADDAWAYLife
14%
48L'AFFAIRE LOUIS TRIOMobilis in mobile
14%
28GUNS N' ROSESNovember rain
14%
37DR. ALBANSing Hallelujah!
14%
17TASMIN ARCHERSleeping satellite
14%
34THE BELOVEDSweet harmony
14%
432 UNLIMITEDTribal dance
14%
21MICHAEL JACKSONWill you be there
14%
35CO.RO. feat. TALEESABecause the night
7%
33PHIL COLLINSBoth sides of the story
7%
41TEARS FOR FEARSBreak it down again
7%
26EROS RAMAZZOTTICose della vita
7%
42WHITNEY HOUSTONI'm every woman
7%
47L'AFFAIRE LOUIS TRIOLe capitaine
7%
50MYLENE FARMERQue mon coeur lâche
7%
31MICK JAGGERSweet thing
7%
44BILLY JOELThe river of dreams
7%
36DIRE STRAITSYour latest trick [live]
7%
25CELINE DIONZiggy
7%
38FELIXDon't you want me
0%
39MARIAH CAREYDreamlover
0%
40SHINEHEADJamaican in New York
0%
19CAPTAIN HOLLYWOOD PROJECTMore and more
0%
22REGG'LYSSRegg'lyss, ... mets de l'huile
0%
30INNER CIRCLESweat (a la la la la long)
0%
27GENESISTell me why
0%
15JANET JACKSONThat's the way love goes
0%

Distribution des résultats

Percentile par nombre de réponses

% des personnes avec chaque résultat

Votre développement - résultats

Vous n’avez pas pris ce quiz